000 00728nam a2200301Ia 4500
005 20260330160901.0
008 008 300114s9999 xx 000 0 eng d
020 _a9789354601873
037 _aEBOOK
040 _aCRL
040 _beng
040 _cCRL
041 _2eng
041 _aeng
084 _qCRL
100 _aParasuraman, N R
_91232237
245 0 _aDerivatives And Risk Management
250 _a4
260 _bMcgraw Hill
260 _c2021
365 _aINR
365 _b69300
650 _aAccounting & Finance
856 _uhttps://resolver.vitalsource.com/9789354601873/?brand=mcgrawhillindia.vitalsource.com
942 _cEBOOK
999 _c1844127
_d1844127